| 000 | 00843nam1a22002651 4500 | ||
|---|---|---|---|
| 001 | v19\rc\2083257 | ||
| 005 | 20230407121624.0 | ||
| 035 | _a(NLR Aleph) 005153667 | ||
| 090 |
_a4925602 _c4925602 |
||
| 100 | _a20081218d1912 |||y0rusy50 ca | ||
| 101 | 0 | _arus | |
| 102 | _aRU | ||
| 105 | _ay z ||||| | ||
| 200 | 1 |
_aСобрание сочинений _eТ. 1, 4 _fС. Елпатьевский |
|
| 210 |
_aСанкт-Петербург _cОбщественная польза _d1912 |
||
| 215 |
_a2 т. _d20 |
||
| 532 | 1 | 3 | _aСобрание сочинений |
| 700 | 1 |
_aЕлпатьевский _bС. Я. _f1854-1933 _gСергей Яковлевич |
|
| 801 | 0 |
_aRU _bNLR _gpsbo |
|
| 801 | 1 |
_aRU _bProSoft-M _2rusmarc |
|
| 852 |
_aNLR _j37.36.5.56 |
||
| 852 |
_aNLR _j+Шифры разные |
||
| 942 | _cBOOK | ||
| 980 | _aNB | ||